Expanding the measure of wealth : (Record no. 433)

MARC details
000 -LEADER
fixed length control field 01019cam a2200289 a 4500
001 - CONTROL NUMBER
control field 1653018
003 - CONTROL NUMBER IDENTIFIER
control field OSt
005 - DATE AND TIME OF LATEST TRANSACTION
control field 20140917153826.0
008 - FIXED-LENGTH DATA ELEMENTS--GENERAL INFORMATION
fixed length control field 970424s1997 dcua b i000 0 eng
010 ## - LIBRARY OF CONGRESS CONTROL NUMBER
LC control number 97020084
020 ## - INTERNATIONAL STANDARD BOOK NUMBER
International Standard Book Number 0821339567
040 ## - CATALOGING SOURCE
Original cataloging agency DLC
Transcribing agency DLC
Modifying agency DLC
050 00 - LIBRARY OF CONGRESS CALL NUMBER
Classification number HC79.E5
Item number E98 1997
082 00 - DEWEY DECIMAL CLASSIFICATION NUMBER
Classification number 338.9
Edition number 21
245 00 - TITLE STATEMENT
Title Expanding the measure of wealth :
Remainder of title indicators of environmentally sustainable development.
260 ## - PUBLICATION, DISTRIBUTION, ETC. (IMPRINT)
Place of publication, distribution, etc. Washington, D.C. :
Name of publisher, distributor, etc. World Bank,
Date of publication, distribution, etc. c1997.
300 ## - PHYSICAL DESCRIPTION
Extent viii, 110 p. :
Other physical details ill. ;
Dimensions 28 cm.
440 #0 - SERIES STATEMENT/ADDED ENTRY--TITLE
Title Environmentally sustainable development studies and monographs series ;
Volume/sequential designation no. 17
9 (RLIN) 1138
504 ## - BIBLIOGRAPHY, ETC. NOTE
Bibliography, etc Includes bibliographical references.
650 #0 - SUBJECT ADDED ENTRY--TOPICAL TERM
Topical term or geographic name as entry element Sustainable development.
9 (RLIN) 1103
650 #0 - SUBJECT ADDED ENTRY--TOPICAL TERM
Topical term or geographic name as entry element Economic indicators.
9 (RLIN) 1139
650 #0 - SUBJECT ADDED ENTRY--TOPICAL TERM
Topical term or geographic name as entry element Environmental indicators.
9 (RLIN) 1140
710 2# - ADDED ENTRY--CORPORATE NAME
Corporate name or jurisdiction name as entry element World Bank.
9 (RLIN) 955
906 ## - LOCAL DATA ELEMENT F, LDF (RLIN)
a 7
b cbc
c orignew
d 1
e ocip
f 19
g y-gencatlg
942 ## - ADDED ENTRY ELEMENTS (KOHA)
Source of classification or shelving scheme Other/Generic Classification Scheme
Koha item type Short Loan
Holdings
Withdrawn status Lost status Source of classification or shelving scheme Damaged status Not for loan Home library Current library Date acquired Total Checkouts Full call number Barcode Date last seen Price effective from Koha item type
    Other/Generic Classification Scheme     MUST Main Library MUST Main Library 17/09/2014   338.9 2014-2797 17/09/2014 17/09/2014 Short Loan